Κοινοτικο δίκαιο περιβάλλοντος : οι διαστάσεις της προστασίας του περιβάλλοντος στην κοινοτική έννομη τάξη

Αποθηκεύτηκε σε:
Λεπτομέρειες βιβλιογραφικής εγγραφής
Κύριος συγγραφέας: Δελλής, Γιώργος, 1870-1954
Μορφή: Βιβλίο
Γλώσσα:Greek
Δημοσίευση: Αθήνα; Κομοτινή : Σάκκουλας, 1998
Θέματα:
Ετικέτες: Προσθήκη ετικέτας
Δεν υπάρχουν, Καταχωρήστε ετικέτα πρώτοι!

MARC

LEADER 00000nam a2200000 i 4500
001 1/98018
008 000117s1998 gre d
020 |a 960-232-868-1 
035 |l 10056355 
040 |a GR-MY-UA  |b gre  |e aacr 
041 0 |a gre 
082 0 |a 341.762 
100 1 |a Δελλής, Γιώργος,   |d 1870-1954. 
245 1 0 |a Κοινοτικο δίκαιο περιβάλλοντος :  |b οι διαστάσεις της προστασίας του περιβάλλοντος στην κοινοτική έννομη τάξη /  |c Γεωργίου Ιω. Δελλή 
260 |a Αθήνα; Κομοτινή :   |b Σάκκουλας,   |c 1998 
300 |a 431 σ. 
504 |a Περιέχει βιβλιογραφία και ευρετήριο 
650 0 0 |a Environmental law  |z European Union countries. 
650 0 0 |a Environmental policy  |z European Union countries. 
852 |a INST  |b LESVOS  |e 20000117  |h 341.762 ΔΕΛ  |p 005100024188  |q 005100024188  |t BK  |y 0 
901 |a BIBL1-2000-2 
909 |a Λ  |b 072729 
922 |a 1ΕΛΗ  |b 199912  |c ΚΠΣ/ΠΜΣ  |d ΠΑΠΑΣΩΤΗΡΙΟΥ 
950 |a 157-1999-05-28 
970 |a ΚΑΜΑΤΣΟΥ  |b ΔΕΣΠΟΙΝΑ  |z 2000/05/25